[Event "WSTCC-65 2020"]
[Site "Prague"]
[Date "2020.03.10"]
[Round "5.1"]
[White "Knaak, Rainer"]
[Black "Balashov, Yuri S"]
[Result "1-0"]
[WhiteElo "2478"]
[BlackElo "2465"]
[Annotator "TA"]
[PlyCount "75"]
[EventDate "2020.03.06"]
[EventType "team-tourn"]
[EventCountry "CZE"]
[SourceTitle "playchess.com"]
[Source "ChessBase"]
[SourceQuality "1"]

{[%evp 18,75,4,0,22,17,39,42,38,37,54,14,12,23,11,13,38,11,18,4,0,0,96,0,67,54,50,70,71,66,79,80,174,193,488,498,469,396,616,555,814,803,729,480,508,525,526,515,510,524,524,524,524,524,509,460,497,491,725,708]} 1. d4 Nf6 2. c4 e6 3. Nc3 Bb4 4. e3 O-O 5. Bd2 b6 6. Bd3 Bb7 7. Nf3 d5 8. cxd5 exd5 9. O-O Nbd7 10. Rc1 a6 {10...Be7 gains popularity. E52: Nimzo-Indian: Rubinstein: 4...0-0 5 Nf3 d5 6 Bd3 b6.} 11. Ne5 Bd6 12. f4 c5 {White is slightly better.} 13. Qf3 b5 {[%cal Bb6b5,Bb5b4][%mdl 32] [#]} 14. Bf5 $146 ({Predecessor:} 14. Be1 c4 15. Bc2 Nb6 16. Bh4 Be7 17. a3 Ne4 18. Be1 f6 19. Ng4 Re8 20. Nf2 Nxf2 21. Bxf2 {1-0 (36) Aczel,G (2532)-Akesson,R (2445) Budapest 2017}) 14... cxd4 15. exd4 Nb6 16. Be1 g6 17. Bb1 b4 18. Ne2 {Threatening Bh4.} Ne4 19. f5 Qg5 (19... Nd7 $1 $11) 20. f6 (20. Qh3 $16 {aiming for Bxe4.} Qh5 21. Qxh5 gxh5 22. f6) 20... Rfe8 ({Black should play} 20... Nd2 $11 21. Bxd2 Qxd2) 21. h4 $36 {[%mdl 2048] Black is under pressure.} Qh6 22. Ng4 Qf8 $1 23. Bxe4 dxe4 {[#] White now steadily converts the win.} 24. Qe3 $1 Nd5 (24... h5 $16) 25. Qg5 $18 Rad8 $2 (25... h5) 26. h5 Re6 27. Bg3 Rd7 (27... Kh8 $142 28. hxg6 fxg6) 28. Be5 {White is clearly winning.} Qd8 29. hxg6 hxg6 30. Nh6+ Kf8 31. Nf5 gxf5 32. Bxd6+ Rdxd6 33. Qg7+ Ke8 34. Qg8+ Kd7 35. Qxf7+ Ne7 36. fxe7 Qxe7 37. Qxf5 Rd5 (37... e3 $142 38. Nf4 {[%mdl 64] Pin} e2) 38. Qh3 {Accuracy: White = 84%, Black = 44%.} 1-0

[Event "WSTCC-65 2020"]
[Site "Prague"]
[Date "2020.03.10"]
[Round "5.2"]
[White "Sveshnikov, Evgeny"]
[Black "Chevelevitch, Evgueni"]
[Result "1/2-1/2"]
[WhiteElo "2470"]
[BlackElo "2391"]
[Annotator "TA"]
[PlyCount "29"]
[EventDate "2020.03.06"]
[EventType "team-tourn"]
[EventCountry "CZE"]
[SourceTitle "playchess.com"]
[Source "ChessBase"]
[SourceQuality "1"]

{[%evp 17,29,0,0,0,8,-11,0,-6,21,21,32,20,27,0]} 1. d4 Nf6 2. c4 g6 3. Nc3 Bg7 4. e4 d6 5. Nf3 O-O 6. h3 e5 7. d5 a5 8. Be3 Na6 9. Nd2 Nd7 $1 {9...Nd7 is better than 9...Nc5.} 10. g4 {E90: King's Indian: Classical: Early deviations and 6 h3.} Ndc5 11. Rg1 Bd7 {[#]} 12. Nb3 $146 ({Predecessor:} 12. a3 Kh8 13. g5 f5 14. f3 c6 15. h4 h5 16. b3 cxd5 17. cxd5 b5 18. exf5 Bxf5 19. Bxb5 {1-0 (46) Pashikian,A (2618)-Braun,C (2372) Plovdiv 2012}) 12... c6 13. Nxc5 Nxc5 14. Qd2 a4 15. Bxc5 {Not much happened in this game.} 1/2-1/2

[Event "WSTCC-65 2020"]
[Site "Prague"]
[Date "2020.03.10"]
[Round "5.4"]
[White "Kalegin, Evgenij"]
[Black "Buchal, Stephan"]
[Result "1/2-1/2"]
[WhiteElo "2431"]
[BlackElo "2276"]
[Annotator "TA"]
[PlyCount "38"]
[EventDate "2020.03.06"]
[EventType "team-tourn"]
[EventCountry "CZE"]
[SourceTitle "playchess.com"]
[Source "ChessBase"]
[SourceQuality "1"]

{[%evp 15,38,29,45,41,46,41,36,18,29,0,0,-22,32,0,0,0,0,0,10,15,13,1,7,4,20]} 1. e4 d6 2. d4 Nf6 3. Nc3 g6 4. Nf3 Bg7 5. Be3 c6 6. Qd2 O-O 7. Bh6 b5 8. Bd3 Bg4 9. h4 $1 {[%mdl 4] outshines the older 9.Bxg7. B08: Pirc Defence: Classical System.} Bxf3 10. gxf3 e5 11. dxe5 {White is slightly better.} dxe5 12. Bxg7 Kxg7 13. O-O-O Nbd7 (13... Nh5 $11) 14. f4 exf4 {The position is equal.} 15. Qxf4 {[#]} Qe7 $146 ({Predecessor:} 15... Qb8 16. Qd2 Nc5 17. h5 Ne6 18. hxg6 fxg6 19. Ne2 Rf7 20. Rdg1 Kg8 21. f4 Nf8 {1-0 (49) Agapov,K (2335)-Tseitlin,M (2455) Leningrad 1983}) 16. Ne2 Qe5 17. Qd2 Nc5 18. f4 Qe6 19. e5 Nh5 {Accuracy: White = 78%, Black = 89%.} 1/2-1/2

[Event "WSTCC-65 2020"]
[Site "Prague"]
[Date "2020.03.10"]
[Round "5.5"]
[White "Pruefer, Friedbert"]
[Black "Hausner, Ivan"]
[Result "1/2-1/2"]
[WhiteElo "2214"]
[BlackElo "2339"]
[Annotator "TA"]
[PlyCount "31"]
[EventDate "2020.03.06"]
[EventType "team-tourn"]
[EventCountry "CZE"]
[SourceTitle "playchess.com"]
[Source "ChessBase"]
[SourceQuality "1"]

{[%evp 9,16,22,32,11,18,7,10,-7,42]} 1. d4 Nf6 2. Bf4 d6 3. Nc3 Nbd7 4. Nf3 c6 5. e4 Qa5 6. Qd2 {A45: Trompowsky Attack.} e5 {The position is equal.} 7. Bg3 Be7 8. Be2 O-O {[#] A rather calm draw.} {Predecessor:} 9. O-O $146 Re8 10. d5 cxd5 11. Nxd5 Qxd2 12. Nxd2 Nxd5 13. exd5 Nf6 14. c4 Bd7 15. f4 exf4 16. Bxf4 {0-1 (57) Banciu,B-Henchel,A Voineasa 2010} 1/2-1/2

[Event "WSTCC-65 2020"]
[Site "Prague"]
[Date "2020.03.10"]
[Round "5.6"]
[White "Lechtynsky, Jiri"]
[Black "Brock, Friedemann"]
[Result "1/2-1/2"]
[WhiteElo "2330"]
[BlackElo "2230"]
[Annotator "TA"]
[PlyCount "41"]
[EventDate "2020.03.06"]
[EventType "team-tourn"]
[EventCountry "CZE"]
[SourceTitle "playchess.com"]
[Source "ChessBase"]
[SourceQuality "1"]

{[%evp 20,41,24,30,26,14,24,26,29,0,35,29,35,19,35,23,32,17,33,22,27,35,35,35]} 1. d4 Nf6 2. Nf3 e6 3. c4 Bb4+ 4. Bd2 Qe7 5. g3 b6 6. Bg2 Bb7 7. O-O Bxd2 8. Qxd2 d6 9. Nc3 Ne4 10. Nxe4 Bxe4 11. Ne1 Bxg2 {E16: Queen's Indian: 4 g3 Bb7 5 Bg2 Bb4+.} 12. Nxg2 Nd7 13. e4 O-O {White has an edge.} 14. Rfe1 {[#]} Rfd8 $146 ({Predecessor:} 14... Rae8 15. Ne3 Qf6 16. Rad1 h5 17. Qe2 Qh6 18. Ng2 e5 19. dxe5 Nxe5 20. f4 Ng4 {0-1 (46) Probst,D (2130)-Horvath,S (2320) Lenk 1994}) 15. Rad1 c5 16. d5 e5 17. Ne3 g6 18. Kg2 Nf6 19. f3 h5 20. h4 Kg7 21. Rh1 {Accuracy: White = 90%, Black = 89%.} 1/2-1/2

[Event "WSTCC-65 2020"]
[Site "Prague"]
[Date "2020.03.10"]
[Round "5.7"]
[White "Schoeneberg, Manfred"]
[Black "Spacek, Petr"]
[Result "0-1"]
[WhiteElo "2144"]
[BlackElo "2333"]
[Annotator "TA"]
[PlyCount "70"]
[EventDate "2020.03.06"]
[EventType "team-tourn"]
[EventCountry "CZE"]
[SourceTitle "playchess.com"]
[Source "ChessBase"]
[SourceQuality "1"]

{[%evp 15,70,40,47,0,-1,-31,-17,-23,-24,-24,-24,-14,-17,-10,-15,-22,0,-46,-16,-18,-10,-49,-45,-76,-75,-68,-75,-102,-93,-113,-75,-79,-94,-220,-198,-252,-239,-312,-177,-184,-192,-427,-425,-498,-496,-499,-457,-489,-483,-479,-456,-456,-355,-537,-537,-29988,-29989]} 1. e4 d6 2. d4 Nf6 3. Nc3 c6 4. Nf3 Bg4 5. Be2 e6 6. O-O Be7 7. Be3 O-O 8. h3 Bh5 9. a4 {B07: Pirc Defence: Miscellaneous Systems.} d5 10. e5 Nfd7 $1 11. Nd2 {[#] The position is equal.} Bg6 $146 ({Predecessor:} 11... Bxe2 12. Nxe2 c5 13. f4 cxd4 14. Nxd4 Nc6 15. c3 Nxd4 16. Bxd4 Bc5 17. Nf3 Qb6 {½-½ (25) Arjun,K (2269)-Stopa,J (2479) New Delhi 2017}) 12. Nb3 $1 c5 13. Nxc5 Nxc5 14. dxc5 Nc6 {[#] Strongly threatening ...d4.} 15. Nb5 Nxe5 16. Nd4 Nc4 17. Bxc4 $1 dxc4 18. c6 Qd5 19. cxb7 Qxb7 20. Qe2 Rac8 21. Rfc1 Rfd8 22. Ra2 Rd7 23. Nf3 Bf6 24. Bg5 {This move loses the game for White.} (24. a5 $17 {is a better defense.}) 24... Bxb2 $19 25. Rb1 (25. Re1 $142) 25... c3 26. Ne5 Rd4 (26... Qd5 $142 27. Nxd7 Qxa2 {[%mdl 64] Double Attack}) 27. Nxg6 hxg6 ({Worse is} 27... fxg6 28. Qxe6+ Kh8 29. Re1 $11) 28. Qb5 $2 (28. Be3 Qe4 29. f3) 28... Qe4 29. Be3 Qxc2 30. Raxb2 cxb2 31. Rxb2 Rd1+ 32. Kh2 Qc7+ 33. g3 Qc3 {( -> ...Qe1)} 34. Qe2 (34. Qb7 {was necessary.}) 34... Ra1 35. Rb7 {[#]} Qc6 $1 {[%mdl 64] Double Attack. Accuracy: White = 34%, Black = 73%.} 0-1

[Event "WSTCC-65 2020"]
[Site "Prague"]
[Date "2020.03.10"]
[Round "5.8"]
[White "Mozny, Milos"]
[Black "Heinsohn, Guenther"]
[Result "1/2-1/2"]
[WhiteElo "2261"]
[BlackElo "2157"]
[Annotator "ChessBase"]
[PlyCount "37"]
[EventDate "2020.03.06"]
[EventType "team-tourn"]
[EventCountry "CZE"]
[SourceTitle "playchess.com"]
[Source "ChessBase"]
[SourceQuality "1"]
[TimeControl "40/5400+30:1800+30"]

1. d4 {[%emt 0:02:36]} Nf6 {[%emt 0:00:00]} 2. Nf3 {[%emt 0:00:18]} g6 {[%emt 0:00:55]} 3. g3 {[%emt 0:00:13]} Bg7 {[%emt 0:00:10]} 4. c4 {[%emt 0:00:09]} O-O {[%emt 0:00:29]} 5. Bg2 {[%emt 0:00:03]} c6 {[%emt 0:00:44]} 6. O-O {[%emt 0:00:19]} d6 {[%emt 0:00:37]} 7. Nc3 {[%emt 0:01:04]} Qb6 {[%emt 0:01:48]} 8. h3 {[%emt 0:02:10]} Qa6 {[%emt 0:06:04]} 9. b3 {[%emt 0:02:08]} b5 {[%emt 0:01:32]} 10. Nd2 {[%emt 0:05:36]} Bb7 {[%emt 0:03:22]} 11. Bb2 {[%emt 0:04:37]} Nbd7 {[%emt 0:04:53]} 12. Qc2 {[%emt 0:03:51]} Qb6 {[%emt 0:05:08]} 13. e3 {[%emt 0:05:01]} a6 {[%emt 0:03:06]} 14. Rac1 {[%emt 0:03:22]} Rac8 {[%emt 0:01:48]} 15. Nce4 {[%emt 0:06:47]} Nxe4 {[%emt 0:07:36]} 16. Qxe4 {[%emt 0:03:19]} Rfe8 {[%emt 0:05:16]} 17. Qf3 {[%emt 0:02:44]} Ba8 {[%emt 0:02:56]} 18. Qg4 {[%emt 0:04:10]} Nf6 {[%emt 0:01:57]} 19. Qe2 1/2-1/2

[Event "WSTCC-65 2020"]
[Site "Prague"]
[Date "2020.03.10"]
[Round "5.9"]
[White "Vaisser, Anatoly"]
[Black "Ackermann, Hans Werner"]
[Result "1-0"]
[WhiteElo "2495"]
[BlackElo "2242"]
[Annotator "TA"]
[PlyCount "87"]
[EventDate "2020.03.06"]
[EventType "team-tourn"]
[EventCountry "CZE"]
[SourceTitle "playchess.com"]
[Source "ChessBase"]
[SourceQuality "1"]

{[%evp 16,87,34,22,82,75,66,56,72,66,67,64,85,47,44,12,18,12,25,26,18,-12,0,0,0,0,0,0,0,0,28,0,9,14,35,30,35,13,29,14,87,54,54,39,31,37,72,70,125,134,151,92,91,92,96,96,93,93,157,136,119,128,382,378,5089,1883,5081,4843,29971,29972,29971,29969,29958,29960]} 1. d4 d6 2. e4 g6 3. Nc3 Bg7 4. f4 Nf6 5. Nf3 O-O 6. Bd3 c5 7. dxc5 dxc5 8. O-O Nc6 9. e5 Ne8 {B09: Pirc Defence: Austrian Attack.} (9... Nd5 $11) 10. Be3 $16 b6 11. Qe1 {[#]} Bf5 $146 {White is slightly better.} ({Predecessor:} 11... Bd7 12. Rd1 Qc8 13. Qh4 Bf5 14. Bxf5 Qxf5 15. g4 Qc8 16. Nd5 f6 17. exf6 exf6 {1-0 (43) Martinez,C (2468)-De Moraes,F (1985) Campinas 2009}) 12. Bxf5 gxf5 13. Rd1 Qc8 14. Qd2 Nc7 15. Qd7 Qxd7 16. Rxd7 Rac8 17. Rfd1 Rfd8 18. Nh4 Rxd7 19. Rxd7 e6 20. Nf3 Nb8 21. Rd2 Nc6 22. Kf2 Bf8 23. a4 a6 24. h3 Rd8 25. Rxd8 Nxd8 26. Nd2 b5 27. g4 Nd5 (27... Nc6 $11 {keeps the balance.}) 28. axb5 (28. Nxd5 {looks sharper.} exd5 29. axb5 axb5 30. Kf3 fxg4+ 31. hxg4 Nc6 32. c3) 28... Nxc3 29. bxc3 axb5 {[%mdl 4096] Endgame KBN-KBN} 30. c4 bxc4 31. Nxc4 fxg4 (31... Nb7 $14) 32. hxg4 Nb7 33. Ke2 (33. f5 $142) 33... Kg7 34. Kd3 f6 35. Nb6 fxe5 36. fxe5 Kg6 (36... Kf7 $142) 37. Nd7 Be7 38. Kc4 h6 $2 {[%mdl 8192] This costs Black the game.} (38... Nd8 $16) 39. Nxc5 $18 Bxc5 $2 (39... Nd8 40. Nd3 Bg5) 40. Bxc5 Kg5 41. Be7+ Kxg4 {[#]} 42. Kb5 $1 {[%cal Rb5b6] White mates.} Kf5 {[#]} 43. Bf6 $1 h5 44. Kb6 {Accuracy: White = 81%, Black = 50%.} 1-0

[Event "WSTCC-65 2020"]
[Site "Prague"]
[Date "2020.03.10"]
[Round "5.10"]
[White "Baum, Bernd"]
[Black "Giffard, Nicolas"]
[Result "1-0"]
[WhiteElo "2249"]
[BlackElo "2236"]
[Annotator "TA"]
[PlyCount "125"]
[EventDate "2020.03.06"]
[EventType "team-tourn"]
[EventCountry "CZE"]
[SourceTitle "playchess.com"]
[Source "ChessBase"]
[SourceQuality "1"]

{[%evp 12,125,23,21,16,16,8,16,45,47,64,47,58,37,27,28,18,0,16,4,20,-23,-31,-36,-24,-27,-33,-31,-27,-18,-11,-7,-11,-11,-11,-8,-6,-6,-6,-6,-11,-25,0,0,3,3,40,14,20,15,57,18,25,8,36,27,27,27,128,105,144,89,160,26,70,83,207,202,206,200,194,186,198,188,207,141,220,218,268,250,266,251,464,458,458,461,413,210,204,13,14,8,8,8,141,141,141,141,141,8,1321,1181,8298,8298,8201,8143,7858,7108,7108,6706,4979,1200,29954,29953,29938,6706]} 1. c4 Nf6 2. g3 c6 3. Nf3 d5 4. Bg2 Bg4 5. Ne5 Be6 6. cxd5 Bxd5 7. Nf3 Nbd7 {A11: English Opening: 1...c6.} 8. Nc3 Bxf3 9. Bxf3 e6 {The position is equal.} 10. O-O h5 {[#]} 11. d4 $146 ({Predecessor:} 11. h4 Ne5 12. Bg2 Qd4 13. d3 Neg4 14. Qb3 O-O-O 15. Bf4 Bd6 16. Bxd6 Qxd6 17. a4 {0-1 (39) Dordzhieva,D (2340)-Jobava,B (2629) chess.com INT 2019}) 11... h4 12. Qb3 Qb6 13. Qxb6 axb6 14. e4 hxg3 15. hxg3 e5 16. Be3 exd4 17. Bxd4 Bc5 18. Rfd1 Bxd4 19. Rxd4 O-O-O 20. Rad1 Rde8 21. Bg2 g5 22. f4 gxf4 23. gxf4 {e5 is the strong threat.} Nc5 24. e5 Ng4 25. Ne4 $132 {[%mdl 2048] White is not holding back} Nxe4 26. Rxe4 Rhg8 27. Rd3 f6 28. Rg3 f5 29. Re2 Kc7 30. Rd2 Rd8 31. Rgd3 Rxd3 32. Rxd3 $11 {[%mdl 4096] Endgame KRB-KRN} Rg6 33. Rh3 b5 34. Kf1 Kd7 (34... Rg7 $1 $11 {keeps the balance.}) 35. Bf3 $16 Nh6 36. Bd1 (36. Rh5 $142) 36... Ke7 ({Black should try} 36... Ng8) 37. Ra3 (37. Rh5 $16) 37... Ng4 38. Ke2 c5 {[#]} (38... Rh6 $16) 39. Ra7 $1 $18 Rb6 40. Bc2 Nh6 41. Kf3 Ke6 42. Ra8 c4 43. Rf8 {[#] Black must now prevent Rf6+.} Ke7 (43... Kd5 $16 {keeps fighting.} 44. Rd8+ (44. Bxf5 Nxf5 45. Rxf5 b4 $14) 44... Kc5) 44. Rh8 b4 45. Rh7+ Kd8 46. Ke3 b3 $2 (46... c3 {was called for.} 47. bxc3 bxc3) 47. axb3 cxb3 48. Bd3 Ng4+ 49. Kd2 (49. Kf3 $142) 49... Rb4 50. Bxf5 $2 ({White should play} 50. Kc3 $18 Rxf4 51. e6 (51. Rxb7 Nxe5 52. Rb5 Nxd3 $11)) 50... Rxf4 $11 51. Bxg4 Rxg4 52. Rxb7 $18 {KR-KR} Re4 (52... Rg3 $1 $11 {remains equal.}) 53. Rb5 $16 ({Don't play} 53. Rxb3 $6 Rxe5 54. Rb6 Kd7 $11) 53... Kd7 54. Kd3 (54. Rxb3 $6 Rxe5 55. Rb6 Kc8 $11) 54... Re1 55. Kd4 ({Of course not} 55. Rxb3 $6 Rxe5 56. Rb6 Kc7 $11) 55... Ke6 $2 {[%mdl 8192]} (55... Rd1+ $11 56. Kc4 Re1) 56. Rxb3 $18 Rxe5 57. Rb6+ Kf5 58. Rb8 {Intending Rf8+ and mate.} Re7 59. Kd5 Rd7+ 60. Kc6 Rd2 61. b4 Ke6 62. Re8+ Kf7 63. Re4 {Accuracy: White = 78%, Black = 53%.} 1-0

[Event "WSTCC-65 2020"]
[Site "Prague"]
[Date "2020.03.10"]
[Round "5.11"]
[White "Boudre, Jean-Pierre"]
[Black "Kierzek, Matthias"]
[Result "1/2-1/2"]
[WhiteElo "2263"]
[BlackElo "2217"]
[Annotator "TA"]
[PlyCount "114"]
[EventDate "2020.03.06"]
[EventType "team-tourn"]
[EventCountry "CZE"]
[SourceTitle "playchess.com"]
[Source "ChessBase"]
[SourceQuality "1"]

{[%evp 14,114,0,-9,0,0,14,14,38,0,0,6,0,0,8,4,0,0,17,8,22,12,14,20,18,16,33,12,23,9,17,10,6,8,10,13,18,25,53,50,53,48,53,50,56,46,39,-35,-25,-45,-21,-58,-58,-105,-96,-102,-79,-116,-70,-116,-86,-78,-51,-58,-58,-74,-67,-99,-94,-142,-138,-139,-139,-155,-142,-155,-143,-148,-143,-142,-142,-134,-116,-143,-131,-157,-140,-184,-180,-209,-224,-197,-33,-42,0,0,8,8,8,8,5,10,16]} 1. b3 e5 2. Bb2 Nc6 3. e3 Nf6 4. c4 d5 5. cxd5 Nxd5 6. a3 Bd6 7. Qc2 O-O 8. Nf3 Re8 {A01: Nimzowitsch-Larsen Opening.} 9. d3 Nf6 10. Nbd2 Bf5 {[#]} 11. Ne4 $146 ({Predecessor:} 11. Be2 Qd7 12. O-O Rad8 13. Rfd1 e4 14. dxe4 Nxe4 15. Nxe4 Bxe4 16. Qc3 Qg4 17. g3 {½-½ (56) Docenko,F (2084)-Trotsenko,Y Kiev 2003}) 11... Qe7 12. Be2 Nxe4 13. dxe4 Be6 14. Nd2 f6 15. O-O Qf7 16. b4 a6 17. Rfd1 Kh8 18. Rac1 Bf8 19. f4 Qe7 20. g3 Bg8 21. Bf3 Rad8 22. Nb3 Qf7 23. Nc5 Bxc5 24. Qxc5 Qb3 25. Qc3 Qxc3 26. Bxc3 Bb3 27. Rxd8 Rxd8 28. Be2 Kg8 29. Kf2 Kf7 30. Rb1 (30. Be1 $14) 30... Bc2 $15 {[%mdl 64] Double Attack} 31. Bc4+ Ke7 32. Rb2 Bxe4 33. b5 axb5 34. Bxb5 exf4 35. gxf4 Nb8 36. Bc4 Nd7 37. a4 c5 38. a5 Kd6 39. Rd2+ Kc7 40. a6 b6 41. Bb5 Bc6 42. Bd3 Ra8 43. Rb2 {[#]} b5 $1 {[%mdl 512]} 44. Bxb5 Bxb5 45. Rxb5 Rxa6 $17 {[%mdl 4096] Endgame KRB-KRN} 46. Rb2 Ra3 47. Rc2 Kc6 48. e4 Kb5 49. e5 fxe5 50. fxe5 {[#]} Nf8 $1 51. Ke2 Ne6 52. Kd3 c4+ $2 ({Better is} 52... Ra4 $19 53. Rd2 Rh4) 53. Ke4 $15 Nc5+ 54. Kd5 {Strongly threatening e6.The position is equal.} Na4 55. Bd4 {And now e6 would win.} Rd3 56. e6 Nb6+ 57. Ke4 {e7 would kill now.} Nc8 {Accuracy: White = 73%, Black = 81%.} 1/2-1/2

[Event "WSTCC-65 2020"]
[Site "Prague"]
[Date "2020.03.10"]
[Round "5.12"]
[White "Herbrechtsmeier, Christof"]
[Black "Letzelter, Jean-Claude"]
[Result "0-1"]
[WhiteElo "2177"]
[BlackElo "2128"]
[Annotator "NA"]
[PlyCount "56"]
[EventDate "2020.03.06"]
[EventType "team-tourn"]
[EventCountry "CZE"]
[SourceTitle "playchess.com"]
[Source "ChessBase"]
[SourceQuality "1"]
[TimeControl "40/5400+30:1800+30"]

1. e4 {[%emt 0:00:00]} c6 {[%emt 0:00:00]} 2. d4 {[%emt 0:00:00]} d5 {[%emt 0:00:00]} 3. exd5 {[%emt 0:00:06]} cxd5 {[%emt 0:00:00]} 4. Bd3 {[%emt 0:00:11]} Nc6 {[%emt 0:00:00]} 5. c3 {[%emt 0:00:05]} Nf6 {[%emt 0:00:55]} 6. h3 {[%emt 0:00:35]} e6 {[%emt 0:00:19]} 7. Bf4 {[%emt 0:00:38]} Bd6 {[%emt 0:00:50]} 8. Bxd6 {[%emt 0:00:23]} Qxd6 {[%emt 0:00:03]} 9. Nf3 {[%emt 0:00:20]} Ne4 {[%emt 0:06:02] B13: Caro-Kann: Exchange Variation and Panov-Botvinnik Attack.} 10. O-O {[%emt 0:08:27]} O-O {[%emt 0:01:57]} 11. Re1 {[%emt 0:06:44]} f5 {[%emt 0:00:25]} 12. Ne5 {[%emt 0:01:16]} Nxe5 {[%emt 0:15:29]} 13. dxe5 {[%emt 0:00:11]} Qxe5 {[%emt 0:00:14]} 14. f3 {[%emt 0:01:40]} Qg3 {[%emt 0:00:16]} 15. fxe4 {[%emt 0:03:15]} fxe4 {[%emt 0:00:03]} 16. Bf1 {[%emt 0:01:02]} Qf2+ {[%emt 0:00:33]} 17. Kh1 {[%emt 0:01:08]} Qxb2 {[%emt 0:00:04] [#]} 18. Nd2 $146 {[%emt 0:00:28]} ({Predecessor:} 18. Qd2 Qb6 19. Qd4 Qb2 20. Qd2 Qxa1 21. Na3 Rxf1+ 22. Rxf1 Qxf1+ 23. Kh2 Bd7 {0-1 (23) Karacsony,Z (2064)-Runda,M (1930) Hungary 2013}) 18... Qxc3 {[%emt 0:00:22]} 19. Rc1 {[%emt 0:00:27]} Qe5 {[%emt 0:05:35]} 20. Qb3 {[%emt 0:22:19]} Rf2 {[%emt 0:08:17]} 21. Rc2 {[%emt 0:09:33]} b6 {[%emt 0:08:06]} 22. Qa4 {[%emt 0:13:47]} Bb7 {[%emt 0:09:14]} 23. Ba6 {[%emt 0:02:37]} Qg5 $2 {[%emt 0:12:28]} (23... Bxa6 $19 {has better winning chances.} 24. Qxa6 Raf8) 24. Rg1 {[%emt 0:02:46]} Bxa6 {[%emt 0:00:12]} ({Of course not} 24... Rxd2 $6 25. Bxb7 Rxc2 26. Bxa8 $11) 25. Nxe4 {[%emt 0:01:20]} Rf4 $17 {[%emt 0:07:20] Pin} 26. Qxa6 {[%emt 0:01:12]} dxe4 {[%emt 0:03:00]} 27. Rc8+ {[%emt 0:01:15]} Rf8 {[%emt 0:01:22]} 28. Rxa8 {[%emt 0:05:07]} Rxa8 {[%emt 0:01:02]} 0-1

[Event "WSTCC-65 2020"]
[Site "Prague"]
[Date "2020.03.10"]
[Round "5.13"]
[White "Boidman, Yuri"]
[Black "Rooze, Jan"]
[Result "1/2-1/2"]
[WhiteElo "2335"]
[BlackElo "2245"]
[Annotator "TA"]
[PlyCount "48"]
[EventDate "2020.03.06"]
[EventType "team-tourn"]
[EventCountry "CZE"]
[SourceTitle "playchess.com"]
[Source "ChessBase"]
[SourceQuality "1"]

{[%evp 9,48,0,20,8,14,-12,13,-1,28,0,23,11,14,-20,-14,-16,-11,-22,-16,-19,-21,-20,-23,-29,-40,-35,-17,-41,-36,-66,-68,-77,-66,-93,-64,-66,-62,-71,-56,-64,-52]} 1. e4 c5 2. Nf3 e6 3. Nc3 Nc6 4. Bb5 Nd4 5. Bc4 a6 6. Nxd4 {B30: Sicilian: 2...Nc6 3 Bb5, lines without ...g6.} cxd4 7. Ne2 b5 8. Bb3 {The position is equal.} Bc5 9. O-O Bb7 10. d3 Ne7 11. c3 Nc6 12. cxd4 Nxd4 13. Nxd4 Bxd4 {[#]} 14. Qe2 $146 ({Predecessor:} 14. Qg4 O-O 15. Rb1 Rc8 16. Be3 Qb6 17. Qg3 a5 18. Bxd4 Qxd4 19. Qe3 Qb4 20. Qe1 {0-1 (34) Ivanov,S (2034)-Matlakov,M (2676) St Petersburg 2013}) 14... O-O 15. Be3 Qb6 16. Rab1 a5 17. a3 b4 18. axb4 Bxe3 19. Qxe3 Qxb4 20. Bd1 d5 {[%cal Rd5e4]} 21. e5 Rac8 22. f4 d4 23. Qg3 Rc7 24. Qe1 Qb6 {White got outplayed after the opening. Accuracy: White = 83%, Black = 87%.} 1/2-1/2